000 00397nam a2200145Ia 4500
008 230711s9999||||xx |||||||||||||| ||und||
041 _aENG
082 _a720
_bSH-E
100 _aShaeffer,E. Ronald
245 0 _aElementary structures for architects and builders
250 _a1st Ed.
260 _c1993
_aNew Delhi
_bPrentice-Hall of India Private Limited
650 _aArchitecture
942 _cBK
999 _c3067
_d3067